000 00461nam a2200145Ia 4500
008 090123s9999 xx 000 0 und d
082 _b17976
245 _aडॉ. जेकिल अॅड मि.हाईड
250 _a1
260 _bसुपर्ण प्रकाशन
_c1989
300 _a60
630 _aडॉ. जेकिल अॅड मि.हाईड
730 _aडॉ. जेकिल अॅड मि.हाईड
942 _cBOOK
999 _c56036
_d56036